| 000 | 00538nam a22001937a 4500 | ||
|---|---|---|---|
| 999 |
_c34834 _d34834 |
||
| 003 | OSt | ||
| 005 | 20220330181210.0 | ||
| 008 | 220330b ||||| |||| 00| 0 spa d | ||
| 040 | _cBiblioteca Ernesto Sábato | ||
| 092 |
_a302.3 _bM941 _eBDGR |
||
| 100 | _aMuñoz Dardé, Verónica | ||
| 245 | _aLa teoría de los sistemas sociales autopoíeticos de Niklas Luhmann | ||
| 260 |
_aMadrid _bPablo Iglesias _c1995 |
||
| 300 | _a261 p. | ||
| 650 | _aSISTEMAS SOCIALES | ||
| 650 | _aAUTOPOIESIS | ||
| 650 | _aINDIVIDUO | ||
| 942 |
_2ddc _cBDGR |
||